LEADER 01240nam a2200277 i 4500 001 000000072667 003 CaOOAMICUS 005 20021127000000.0 008 021127s1930 it u000 u ita u 013 $a43839 040 $aSeMil$bita 100 1 $aTredici, Giacinto .$0(OLS)http://semarc/name/17126 245 10$aBreve corso di storia della filosofia /$cGiacinto Tredici. 250 $a9. ed. 260 $a[Firenze] :$bLibreria Editrice Fiorentina,$cstampa 1930. 260 $a[S.l.] :$bLa Cardinal Ferrari,$cstampa 1930. 300 $aIV, 379 p. ;$c19 cm. 500 $aCon dedica autografa dell'autore. - In appendice : Cenni intorno alla filosofia religiosa. - Fondo Card. C.M. Martini. 650 4$aFilosofia - Storia - Manuali.$0(OLS)http://semarc/subject/1186 850 $aSeMil 852 $aSeMil$W1$xVenegono$y1$m2Q II 21$j38820$B38820$CSeMilBibl$Z2$F38823 $81 941 1 $a4 961 $aOmaggio: Martini Card. Carlo Maria 996 $6245$aBreve corso di storia della filosofia$9(OLS)http://semarc/title/109230 996 $6260$a[S.l.] :$bLa Cardinal Ferrari$9(OLS)http://semarc/publisher/40801 996 $6260$a[Firenze] :$bLibreria Editrice Fiorentina$9(OLS)http://semarc/publisher/31476 LEADER 01235nam a2200253 i 4500 001 000000178165 003 CaOOAMICUS 005 20090608000000.0 008 090608s1990 it u000 u ita u 013 $a155734 040 $aSeMil$bita 100 1 $aCrippa, Aldo Fermo.$0(OLS)http://semarc/name/66242 245 13$aLa pedagogia del beato Luigi M. Palazzolo /$cTesi di Magistero in Scienze Religiose [a cura di] Aldo Fermo Crippa ; Relarore ch.mo prof. don Angelo Giuliani. 260 $a[S.l. :$bs.n.,$c1990] 300 $aXIX, 125 c. ;$c30 cm. 500 $aIn testa al front. : Istituto Superiore di Scienze Religiose di Milano. - A pič del front. : Anno Accademico 1989-1990. 600 14$aPalazzolo, Luigi Maria .$0(OLS)http://semarc/subject/13202 650 4$aTesi di laurea.$0(OLS)http://semarc/subject/1690 700 1 $aGiuliani, Angelo .$0(OLS)http://semarc/name/50028 850 $aSeMil 852 $aSeMil$W1$xVenegono$y1$m4X VI 41$j128955$B128955$CSeMilBibl$Z2$F142068 $8L 961 $aOmaggio: Giuliani don Angelo 996 $6245$aLa pedagogia del beato Luigi M. Palazzolo$9(OLS)http://semarc/title/255875 996 $6260$a[S.l. :$bs.n.$9(OLS)http://semarc/publisher/31686